Sports Quiz

Random Sports Quiz

Big 12 Teams Quiz Stats

 Plays Quiz not verified by Sporcle

Challenge
Share
Tweet
Embed
Score 0/12 Timer 05:00
0 Plays Today
% Correct
Texas Longhorns
88.2%
Oklahoma Sooners
81.7%
Kansas Jayhawks
80.6%
Oklahoma State Cowboys
76.3%
Baylor Bears
74.2%
Texas Tech Red Raiders
67.7%
Texas A&M Aggies
67.7%
Nebraska Cornhuskers
65.6%
Iowa State Cyclones
64.5%
Kansas State Wild Cats
60.2%
Missouri Tigers
60.2%
Colorado Buffs
22.6%

You're not logged in!

Compare scores with friends on all Sporcle quizzes.
Join for Free
OR
Log In

You Might Also Like...

Show Comments

Extras

Created Dec 27, 2009ReportNominate
Tags:Big 12, team

Top Quizzes Today


Score Distribution

Your Account Isn't Verified!

In order to create a playlist on Sporcle, you need to verify the email address you used during registration. Go to your Sporcle Settings to finish the process.

Report this User

Report this user for behavior that violates our Community Guidelines.

Details: